000 00343pab a2200145 454500
008 180718b2003 xxu||||| |||| 00| 0 eng d
100 _aBanerjee, Sudeshna
245 _aMale contraception: the profit factor
260 _c2003
300 _ap.7-8.
362 _aJul
650 _aContraception
773 _aSocial Welfare
909 _a57095
999 _c57095
_d57095